Welcome to the Holygrace Academy Library

Please use search bar below to get started

THE COLLECTED SHORT STORIES OF ROALD DAHIL (Record no. 3569)

MARC details
000 -LEADER
fixed length control field 00319nam a22001337a 4500
020 ## - INTERNATIONAL STANDARD BOOK NUMBER
ISBN 978-0-140-15807-6
082 ## - DEWEY DECIMAL CLASSIFICATION NUMBER
Classification number 823
Item number DAH/C
100 ## - MAIN ENTRY--AUTHOR NAME
Personal name DAHIL,ROALD
245 ## - TITLE STATEMENT
Title THE COLLECTED SHORT STORIES OF ROALD DAHIL
260 ## - PUBLICATION, DISTRIBUTION, ETC. (IMPRINT)
Place of publication NEW YORK
Name of publisher PENGUINBOOKS
300 ## - PHYSICAL DESCRIPTION
Number of Pages 762
650 ## - SUBJECT ADDED ENTRY--TOPICAL TERM
Topical Term SHORT STORIES
Geographic subdivision NEW YORK
942 ## - ADDED ENTRY ELEMENTS (KOHA)
Koha item type Books
Holdings
Withdrawn status Lost status Collection code Home library Current library Shelving location Date acquired Source of acquisition Full call number Accession Number Koha item type
    Fiction Main Library Main Library SHELF 16-A- ENGLISH LITERATURE COLLECTION OF WORKS 06/08/2011 PURCHASE 823 DAH/C 05554 Books